[Event "Muensterland Verbandsklasse 1718"]
[Site "Germany"]
[Date "2018.01.27"]
[Round "5.8"]
[White "Hillenkoetter, Albert"]
[Black "Brambrink, Ulf"]
[Result "1/2-1/2"]
[WhiteElo "1309"]
[BlackElo "1743"]
[PlyCount "74"]
[EventDate "2017.09.16"]
[EventType "team-tourn"]
[EventRounds "9"]
[EventCountry "GER"]
[SourceTitle "EXT 2019"]
[Source "ChessBase"]
[SourceDate "2018.10.10"]
[SourceVersion "1"]
[SourceVersionDate "2018.10.10"]
[SourceQuality "1"]
[WhiteTeam "Nordwalde"]
[BlackTeam "Muenster Indische Dame"]
[WhiteTeamCountry "GER"]
[BlackTeamCountry "GER"]

1. d4 d6 2. Nf3 f5 3. Bf4 Nf6 4. h3 g6 5. e3 Bg7 6. c4 0-0 7. Nc3 e6 8. h4 Nc6 9. h5 Nxh5 10. Bg5 Qe8 11. Be2 Nf6 12. Qc2 Nb4 13. Qb3 a5 14. a3 Nc6 15. 0-0-0 Ng4 16. Rdf1 Nd8 17. Nh2 Nf6 18. f4 h5 19. Bf3 Bd7 20. Rf2 Bc6 21. Bxc6 Qxc6 22. Nf3 Ng4 23. Re2 Nf7 24. d5 exd5 25. Nxd5 Qc5 26. Qb5 c6 27. Qxc5 dxc5 28. Nb6 Rac8 29. Be7 Rc7 30. Bxf8 Bxf8 31. Rd1 Re7 32. Rde1 Nd6 33. b3 Ne4 34. Kc2 Bg7 35. Nc8 Rd7 36. Nb6 Rd8 37. Na4 Nef2 1/2-1/2